| 000 | 00738cam a2200229 a 4500 | ||
|---|---|---|---|
| 001 | 4906871 | ||
| 005 | 20121122120302.0 | ||
| 008 | 940613r19941961nyua b 001 0 eng | ||
| 020 | _a0486682102 | ||
| 020 | _a9780486682105 | ||
| 082 | 0 | 0 |
_a621.3822 _222 _bREZ |
| 100 | 1 |
_aReza, Fazlollah M. _931387 |
|
| 245 | 1 | 3 |
_aAn Introduction to Information Theory / _cFazlollah M. Reza. |
| 260 |
_aNew York : _bDover, _c1994. |
||
| 300 |
_axv, 496 p. : _bill. ; _c22 cm. |
||
| 500 | _aOriginally published: New York : McGraw-Hill, 1961. | ||
| 504 | _aIncludes bibliographical references (p. 481-490) and indexes. | ||
| 650 | 0 |
_aInformation theory. _931388 |
|
| 650 | 0 |
_aProbabilities. _931389 |
|
| 653 |
_bEle _cNovember2012 |
||
| 942 |
_2ddc _cBB |
||
| 999 |
_c17089 _d17061 |
||